000 00475nam a2200169 a 4500
003 DO-SdBNP
005 20211013154212.0
007 ta
008 211013e2018 dr ao||gr|||| 00| 0 spa d
040 _aDO-SdBNP
_bspa
_cBNPHU
082 4 _222
_bS211r
100 1 _910187
_aSánchez Torres , César
245 1 0 _aRelojes de sol de los Ríos /
_cCésar Sánchez Torres
260 _a[Santo domingo] :
_b[s.n.],
_c2018
300 _a[28 p.] :
_bil., fot. ;
_c29 cm.
942 _2ddc
_cLF2
999 _c50747
_d50747